000 00627nam a2200193Ia 4500
003 GCL
008 140319s9999 xx 000 0 ara d
040 _aGCL /
_cGCL
082 0 4 _a342.023
_bس ت
100 1 _aسامى جمال الدين
245 1 0 _aتدرج القواعد القانونية /
_cسامى جمال الدين
260 _a[S.N] :
_bمكتبه النهضه المصريه ،
_c1987
300 _a206 ص
490 _aسلسلة الكتب القانونية
_v0
650 0 4 _aالقانون
650 0 4 _aالقانون الادارى
650 0 4 _aالقانون الدستورى
942 _2ddc
_cBK
999 _c54717
_d54717